| 000 | 00000nam##2200000za#4500 |
| 001 | 9.602194 |
| 003 | CaOODSP |
| 005 | 20210624210440 |
| 007 | cr ||||||||||| |
| 008 | 150406|2001||||xxc|||||o f|0| 0 fre|d |
| 040 | |aCaOODSP|bfre |
| 043 | |an-cn--- |
| 086 | 1 |aNH18-23/86F-PDF |
| 110 | 2 |aSociété canadienne d'hypothèques et de logement. |
| 245 | 10|aÉtude contextuelle sur le problème des jeunes sans-abri |h[ressource électronique] |
| 260 | |aOttawa - Ontario : |bSociété canadienne d'hypothèques et de logement |cJuillet 2001. |
| 300 | |a4p. |
| 490 | 1 |aLe point en recherche. Série socio-économique |v86 |
| 590 | |a11-23-Supp|b2011-10-17 |
| 691 | 07|aSans-abri|2gcpds |
| 691 | 07|aJeune adulte|2gcpds |
| 775 | 08|tEnvironmental scan on youth homelessness |w(CaOODSP)9.571769 |
| 776 | 0#|tÉtude contextuelle sur le problème des jeunes sans-abri |w(CaOODSP)9.625867 |
| 830 | #0|aLe point en recherche. Série socio-économique ;|v86|w(CaOODSP)9.501568 |
| 856 | 40|ahttp://publications.gc.ca|qPDF|s184 Ko|uhttps://publications.gc.ca/collections/Collection/NH18-23-86F.pdf|y86 |